00992 a2200181 45000010006000000050017000060080041000230030015000640400040000790800164001192450043002830200018003262500011003442640039003553000019003945050379004131000018007924877920260407155753.0260407a1995 arg spa dAR-UNSa-BCEJYS aAR-UNSa-BCEJYSbspacAR-UNSa-BCEJYS a321.64xRegímenes autoritarios modernos basados en movimientos políticos y nacionalistas. Dictadura de un partido o grupo. Totalitarismo. Dictadura militar10aGolpes militares y salidas electorales a950-07-0151-0 a2a.ed. 1aBuenos Aires :bSudamericanac1995 a175 p.c20 cm. a1. 1930: El golpe militar - 2. 1931: La salida electoral - 3. 1943: El golpe militar - 4. 1946: La salida electoral - 5. 1955: El golpe militar - 6. 1958: La salida electoral - 7. 1962: El golpe militar - 8. 1963: La salida electoral - 9. 1966: El golpe militar - 10. La salida electoral - 11. 1976: El golpe militar - 12. La debilidad política de los gobiernos militares.1 aLuna, Félix